| 000 | 00510nam a2200217Ia 4500 | ||
|---|---|---|---|
| 008 | 170918s9999 xx 000 0 und d | ||
| 020 | _a9780439670241 | ||
| 050 | _bK414 2007 | ||
| 100 | _aKerr, P. B. | ||
| 245 | 4 | _aThe cobra King of Kathmandu / | |
| 245 | _cP. B. Kerr. | ||
| 260 | _aNew York : | ||
| 260 | _bScholastic, | ||
| 260 | _c2007 | ||
| 300 | _a373 pages : | ||
| 300 | _bcolored illustration ; | ||
| 300 | _c19cm. | ||
| 440 | _aChildren of the lamp ; | ||
| 440 | _v3 | ||
| 500 | _a910 | ||
| 999 |
_c342281 _d342281 |
||